Places in Australia - Statistics

General Stats
  • This quiz has been taken 34 times
  • The average score is 5 of 14
Answers on the Grid
Answers color-coded by a green-red scale on the quiz's grid according to % correct below.
Ballarat
Uralla
Hamburg
Texas
Byron Bay
Wayland
Boyce
Alice Springs
Cedar Falls
Ballina
Cloncurry
Biola
Uralla
Fermont
Gladstone
Emerald
Kentucky
Safford
Bowen
Northcliff
Coral Bay
Belmont
Yuna
Vienna
 
Answer Stats
Answer % Correct
Alice Springs
73%
Ballarat
65%
Byron Bay
62%
Coral Bay
38%
Emerald
38%
Ballina
35%
Uralla
35%
Uralla
35%
Bowen
31%
Gladstone
31%
Cloncurry
27%
Texas
15%
Yuna
4%
Kentucky
0%
No matching quizzes found
Score Distribution
Percent of People with Each Score
Percentile by Number Answered
Your Score History
You have not taken this quiz